Kijut Czukor Zoltán az olimpiára? Magyarország legjobb 50 km-es gyaloglója

Bibliographic Details
Main Author: Zolczer, László, 1949- (Author)
Format: Article
Language:Hungarian
Subjects:

MARC

LEADER 00000nab a2200000 a 4500
001 vtls000725970
003 SK-MaSNL
005 20260319074511.0
008 160321c2000 xo 0 hun
015 |a SNBRB2000/06-17579 
035 |a CLN000078130 
040 |a SNKBUCL  |b slo  |c SNKBUCL  |e AACR2 
041 0 |a hun 
044 |a xo  |c SK 
080 |a 796.421.071(439)  |2 UDC-MRF-SK2 
080 |a 929 Czukor, Zoltán  |2 UDC-MRF-SK2 
100 1 |a Zolczer, László,  |d 1949-  |4 aut  |9 840441 
245 1 0 |a Kijut Czukor Zoltán az olimpiára?  |b Magyarország legjobb 50 km-es gyaloglója  |c Zolczer László 
300 |b Fotogr. 
600 1 7 |a Czukor, Zoltán  |d 1962-  |2 snkbucl  |9 917863 
655 7 |a články z novín a časopisov  |2 snkbucl  |9 267496 
773 0 |t Szabad újság  |g Roč. 8, č. 18 (2000), s. 16 
850 |a Slovenská národná knižnica v Martine 
852 |a SNK  |b KIS3GCP 
958 |a HU 
958 |a BC 
958 |a RBX 
999 |c 1454021  |d 1455951